000 00289nam a22001337a 4500
008 170621b xxu||||| |||| 00| 0 eng d
020 _a9780316514798
041 _aeng
080 _a327
100 _a20
101 _aSHP
245 _aTHE AGE TERRORISM
_cLAQUER.W
942 _2udc
_cBK
999 _c18490
_d18490